00373nam a2200109Ia 4500008004100000245010400041260003500145260000900180300000900189650001300198856005200211170516s9999 xx 000 0 und d aDeregulation of RBP4 and RBP7 Genes in Clear Cell Renal Cell Carcinoma Anna Viktorovna Kudryavtseva bAsian Journal of Pharmaceutics c2017 a11:1 xPharmacy uhttp://www.asiapharmaceutics.info/index.php/ajp